000 00796nam a2200217 i 4500
001 122865
003 ES-MaACL
005 20230906192045.0
007 t|
008 070214s1982 sp a r ||||0| spa d
080 _a681.31.06 Fortran
245 0 0 _aProgramación Fortran /
_cpor José Ramón Berzosa Valencia ... [et al.].
250 _a4ª ed.
260 _aMadrid :
_bE. T. S. Ingenieros de Telecomunicaciones, Departamento de Publicaciones,
_c1982.
300 _a330 p. :
_bil. ;
_c29 cm.
650 4 _aFORTRAN (Lenguaje de programación)
_9155816
700 1 _aBerzosa Valencia, José Ramón.
_928559
710 2 _aUniversidad Politécnica de Madrid.
_bEscuela Técnica Superior de Ingenieros de Telecomunicación.
_97441
852 _aES-MaACL
_jL-6215
852 _aES-MaACL
_jL-7253
999 _c122865
_d122865